How to disagree (Record no. 5382)
[ view plain ]
| 000 -CABECERA | |
|---|---|
| campo de control de longitud fija | 01508pam a22003131i 4500 |
| 001 - NÚMERO DE CONTROL | |
| campo de control | 991016897849707026 |
| 003 - IDENTIFICADOR DEL NÚMERO DE CONTROL | |
| campo de control | UkOxU |
| 005 - FECHA Y HORA DE LA ÚLTIMA TRANSACCIÓN | |
| campo de control | 20260304150837.0 |
| 006 - CÓDIGOS DE INFORMACIÓN DE LONGITUD FIJA--CARACTERÍSTICAS DEL MATERIAL ADICIONAL | |
| campo de control de longitud fija | m || d | |
| 007 - CAMPO FIJO DE DESCRIPCIÓN FÍSICA--INFORMACIÓN GENERAL | |
| campo de control de longitud fija | cr ||||||||||| |
| 008 - DATOS DE LONGITUD FIJA--INFORMACIÓN GENERAL | |
| campo de control de longitud fija | 220301s2022 enk o 000|0|eng d |
| 015 ## - NÚMERO DE BIBLIOGRAFÍA NACIONAL | |
| Número de bibliografía nacional | GBC280733 |
| Fuente | bnb |
| 020 ## - NÚMERO INTERNACIONAL ESTÁNDAR DEL LIBRO | |
| Número Internacional Estándar del Libro | 9780571374670 (ePub ebook) : |
| Condiciones de disponibilidad | Đ7.99 |
| 020 ## - NÚMERO INTERNACIONAL ESTÁNDAR DEL LIBRO | |
| ISBN cancelado o inválido | 9780571374663 (pbk.) : |
| Condiciones de disponibilidad | Đ9.99 |
| 035 ## - NÚMERO DE CONTROL DEL SISTEMA | |
| Número de control de sistema | 023049528-44oxf_inst |
| 035 ## - NÚMERO DE CONTROL DEL SISTEMA | |
| Número de control de sistema | (UkOxU)023049528 |
| 035 ## - NÚMERO DE CONTROL DEL SISTEMA | |
| Número de control de sistema | (Uk)020575877 |
| 037 ## - FUENTE DE ADQUISICIÓN | |
| Número de adquisición | Faber32804 |
| Fuente del número de adquisición | Ingram Content Group |
| 040 ## - FUENTE DE LA CATALOGACIÓN | |
| Centro catalogador/agencia de origen | StDuBDS |
| Lengua de catalogación | eng |
| Normas de descripción | rda |
| -- | pn |
| Centro/agencia transcriptor | StDuBDS |
| Centro/agencia modificador | Uk |
| 041 ## - CÓDIGO DE LENGUA | |
| Código de lengua del texto/banda sonora o título independiente | English |
| 042 ## - CÃDIGO DE AUTENTICACIÃN | |
| Código de autenticación | ukblsr |
| 100 ## - ENTRADA PRINCIPAL--NOMBRE DE PERSONA | |
| Nombre de persona | Leslie, Ian, - 1972- author. |
| URI de un objeto del mundo real | https://isni.org/isni/0000000434550115 |
| 9 (RLIN) | 26797 |
| 245 10 - MENCIÓN DE TÍTULO | |
| Título | How to disagree |
| Resto del título | : the art and science of productive conflict |
| Mención de responsabilidad, etc. | / Ian Leslie. |
| 264 #1 - PRODUCCIÓN, PUBLICACIÓN, DISTRIBUCIÓN, FABRICACIÓN Y COPYRIGHT | |
| Producción, publicación, distribución, fabricación y copyright | London : |
| Nombre del de productor, editor, distribuidor, fabricante | Faber & Faber, |
| Fecha de producción, publicación, distribución, fabricación o copyright | 2022. |
| 520 ## - SUMARIO, ETC. | |
| Sumario, etc. | The surprising answer is: conflict.<br/><br/>Whether it’s at work, at home or in public, confronting our differences is the only way to make the most out of them. How to Disagree is about how to do that successfully.<br/><br/>Drawing on essential lessons from world-class experts on how to disagree well and combining them with inspiring stories of productive disagreements from science, technology and the arts, Ian Leslie reveals how we can reap the benefits of diverse viewpoints in an era that feels more divided than ever. |
| 650 #0 - PUNTO DE ACCESO ADICIONAL DE MATERIA--TÉRMINO DE MATERIA | |
| Término de materia o nombre geográfico como elemento de entrada | Conflict management |
| 9 (RLIN) | 10 |
| 650 #0 - PUNTO DE ACCESO ADICIONAL DE MATERIA--TÉRMINO DE MATERIA | |
| Término de materia o nombre geográfico como elemento de entrada | Communication |
| Subdivisión general | Psychological aspects |
| 9 (RLIN) | 6325 |
| 942 ## - ELEMENTOS DE ENTRADA AGREGADA (KOHA) | |
| Fuente del sistema de clasificación o colocación | Clasificación de Library of Congress |
No items available.

